| 000 | 006220000a22001930004500 | ||
|---|---|---|---|
| 090 |
_aAR _b01132 |
||
| 245 | 1 | 0 | _aDiet of the red howler monkey (<Alouatta seniculus>) in French Guiana |
| 650 | 1 | 4 |
_aHábitos alimentarios _93824 |
| 650 | 1 | 4 |
_aFisiología animal _99500 |
| 650 | 1 | 4 |
_aEtología _97606 |
| 650 | 1 | 4 |
_aEvolución _992797 |
| 651 | 4 |
_pGuiana Francesa _992749 |
|
| 653 |
_gAlouatta _eAlouatta seniculus _vmono aullador rojo |
||
| 041 | 0 | _aInglés | |
| 700 | 1 |
_aSabatier, D. _994372 |
|
| 100 | 1 |
_aJulliot, C. _994373 |
|
| 942 | _cARTICULO | ||
| 773 | 1 |
_tInternational Journal of Primatology _3162 _h4 _q527-551 _d1993 _g14 |
|
| 999 |
_c10218 _d10218 |
||